LEADER 05402nam 2200745Ia 450 001 9910782284903321 005 20230617040730.0 010 $a1-281-95604-X 010 $a9786611956042 010 $a981-279-665-7 035 $a(CKB)1000000000537886 035 $a(EBL)1679662 035 $a(OCoLC)879023878 035 $a(SSID)ssj0000158970 035 $a(PQKBManifestationID)11180435 035 $a(PQKBTitleCode)TC0000158970 035 $a(PQKBWorkID)10150195 035 $a(PQKB)10220614 035 $a(MiAaPQ)EBC1679662 035 $a(WSP)00005398 035 $a(Au-PeEL)EBL1679662 035 $a(CaPaEBR)ebr10255369 035 $a(CaONFJC)MIL195604 035 $a(EXLCZ)991000000000537886 100 $a20030925d2003 uy 0 101 0 $aeng 135 $aur|n|---||||| 181 $ctxt 182 $cc 183 $acr 200 10$aFrom quarks and gluons to quantum gravity$b[electronic resource] $eproceedings of the International School of Subnuclear Physics /$fedited by Antonino Zichichi 210 $aRiver Edge, NJ $cWorld Scientific$dc2003 215 $a1 online resource (449 p.) 225 1 $aThe subnuclear series ;$vv. 40 300 $aDescription based upon print version of record. 311 $a981-238-613-0 320 $aIncludes bibliographical references. 327 $aCONTENTS ; Mini-Courses on Basics ; Lattice Field Theory and SU(N) Gauge Theories ; 1 Introduction ; 2 Lattice calculations ; 3 The physics of SU(N) gauge theories ; 4 Some final remarks ; References ; CHAIRMAN: M. TEPER ; Symmetries and Quasi-Particles in Hot QCD ; 1 Introduction 327 $a2 Qualitative picture of the transition 3 Global symmetries order parameters and the phase transition in QCD ; 4 Canonical Z(N) symmetries in SU(N) gauge theory ; 5 Forces and screening in the plasma ; 6 A quantitative method: perturbation theory and dimensional reduction 327 $a7 Dimensional reduction at work 8 Flux of quasi-particles as seen by spatial Wilson and 't Hooft loops ; 9 Epilogue ; 10 Suggestions for further reading ; References ; CHAIRMAN: C.P. KORTHALS ALTES ; Physics of QCD Instantons ; 1 Introduction ; 2 Instantons and chiral symmetries 327 $a3 What instantons can do: a brief summary 4 Two-point correlation functions: T decays ; 5 Three-point correlators: the pion form-factor ; 6 Instantons at large Nc ; 7 The RHIC puzzles ; 8 Quantum mechanics of the glue in vacuum and high energy collisions ; 9 Acknowledgments 327 $aCHAIRMAN: E. SHURYAK Confinement and Duality ; 1 Confinement: an overview ; 2 Confinement of Magnetic Flux ; 3 Duality Sources and Fluxes ; 4 Duality and Confinement ; References ; CHAIRMAN: M. STRASSLER 327 $aProbing Grand Unification Through Neutrino Oscillations Leptogenesis and Proton Decay 330 $a In August/September 2002, a group of 78 physicists from 50 laboratories in 17 countries met in Erice, Italy, to participate in the 40th Course of the International School of Subnuclear Physics. The purpose of the School was to focus attention on the theoretical and phenomenological developments in gauge theories, as well as in all the other sectors of subnuclear physics. Experimental highights from the most relevant sources of new data were presented and discussed, including the latest news on theoretical developments in quantizing the gravitational forces. This volume constitutes the procee 410 0$aSubnuclear series ;$vv. 40. 606 $aQuantum gravity$vCongresses 606 $aGluons$vCongresses 606 $aQuarks$vCongresses 606 $aGauge fields (Physics)$vCongresses 615 0$aQuantum gravity 615 0$aGluons 615 0$aQuarks 615 0$aGauge fields (Physics) 676 $a530.14/3 676 $a530.143 676 $a539.7 701 $aZichichi$b Antonino$046058 712 12$aInternational School of Subnuclear Physics 801 0$bMiAaPQ 801 1$bMiAaPQ 801 2$bMiAaPQ 906 $aBOOK 912 $a9910782284903321 996 $aFrom quarks and gluons to quantum gravity$93831380 997 $aUNINA LEADER 05176oam 2201117 c 450 001 9910265134003321 005 20260302090207.0 010 $a9783839412886 010 $a3839412889 024 7 $a10.14361/9783839412886 035 $a(CKB)3710000000439748 035 $a(EBL)4347664 035 $a(SSID)ssj0001590248 035 $a(PQKBManifestationID)16284611 035 $a(PQKBTitleCode)TC0001590248 035 $a(PQKBWorkID)13573933 035 $a(PQKB)10263833 035 $a(MiAaPQ)EBC4347664 035 $a(DE-B1597)455987 035 $a(OCoLC)1013947143 035 $a(OCoLC)931865790 035 $a(DE-B1597)9783839412886 035 $a(MiAaPQ)EBC6695171 035 $a(Au-PeEL)EBL6695171 035 $a(OCoLC)1110435558 035 $a(ScCtBLL)3010807c-80b2-4038-b50b-912ffe5a1849 035 $a(transcript Verlag)9783839412886 035 $a(oapen)https://directory.doabooks.org/handle/20.500.12854/29848 035 $a(Perlego)1464128 035 $a(EXLCZ)993710000000439748 100 $a20260302h20152009 uy 0 101 0 $ager 135 $aur|n|---||||| 181 $ctxt 182 $cc 183 $acr 200 10$aKritik der transnationalen Gewalt$eSouveränität, Menschenrechte und Demokratie im Übergang zur Weltgesellschaft$fClaas Christophersen 205 $a1st ed. 210 $aBielefeld$ctranscript Verlag$d2015 210 $d2015, c2009 215 $a1 online resource (283 p.) 225 0 $aGlobal Studies 300 $aDescription based upon print version of record. 311 08$a9783837612882 311 08$a3837612880 320 $aIncludes bibliographical references. 327 $aFrontmatter 1 INHALT 5 VORWORT 9 EINLEITUNG 11 I. AUF DEM WEG VON DER NATIONALSTAATLICHEN SOUVERA?NITA?T ZUM PRIMAT DER MENSCHENRECHTE? - ZWEI FALLBEISPIELE AUS DER INTERNATIONALEN POLITIK 27 II. SOUVERA?NITA?T IM SPANNUNGSVERHA?LTNIS ZU DEMOKRATIE UND MENSCHENRECHTEN 63 III. MENSCHENRECHTE IM SPANNUNGSVERHA?LTNIS ZU SOUVERA?NITA?T UND DEMOKRATIE 117 IV. DEMOKRATIE IM SPANNUNGSVERHA?LTNIS ZU SOUVERA?NITA?T UND MENSCHENRECHTEN 155 V. TRANSNATIONALER REPUBLIKANISMUS - EINE REFORMULIERUNG DES POLITISCHEN 201 SCHLUSS 247 LITERATURVERZEICHNIS 257 Backmatter 280 330 $aUniversalität der Menschenrechte oder einzelstaatliche Souveränität? Dieser Gegensatz entfaltet sich bei nahezu allen internationalen Konflikten. Vertreter beider Prinzipien setzen auf Gewalt als politisches Mittel.In einer Aktualisierung von Hannah Arendts politischer Philosophie zeigt Claas Christophersen, dass sich die fundamentalen Probleme menschlichen Zusammenlebens auf globaler Ebene nur dann lösen lassen, wenn sich die Weltgemeinschaft in Richtung einer transnationalen Demokratie weiterentwickelt und die politische Teilhabe aller Weltbürgerinnen und Weltbürger gewährleistet ist. Ein innovativer Beitrag zu einer der Schlüsselfragen transnationaler Politik. 330 1 $aBesprochen in: www.pw-portal.de, 4 (2011), Marinke GindullisDAMID, 3/4 (2011)Soziologische Revue, 34 (2011), Klaus Schlichte 330 1 $a»Mit der klugen und ausführlich reflektierten Analyse einer ?Kritik der transnationalen Gewalt? setzt der Journalist und Politikwissenschaftler Christophersen einen wichtigen Baustein für die dringliche Frage, wie unsere (Eine) Welt humaner, gerechter und friedlicher gestaltet werden kann.« 330 1 $a»Wer sich mit Intervention ernsthafter als auf der Ebene legitimatorischer Übungen auseinanderzusetzen beansprucht, kann und sollte an Christophersens Arbeit nicht vorbeigehen.« 410 0$aGlobal studies (Bielefeld, Germany) 517 2 $aChristophersen, Kritik der$eSouveränität, Menschenrechte und Demokratie im Übergang zur Weltgesellschaft 606 $aSouveränität 606 $aHuman Rights 606 $aMenschenrechte 606 $aDemocracy 606 $aHuman 606 $aDemokratie 606 $aWeltgesellschaft 606 $aGlobalization 606 $aHannah Arendt 606 $aPolitics 606 $aMensch 606 $aInternational Relations 606 $aGlobalisierung 606 $aPolitical Science 606 $aPolitik 606 $aInternationale Politik 606 $aPolitikwissenschaft 615 4$aSouveränität 615 4$aHuman Rights 615 4$aMenschenrechte 615 4$aDemocracy 615 4$aHuman 615 4$aDemokratie 615 4$aWeltgesellschaft 615 4$aGlobalization 615 4$aHannah Arendt 615 4$aPolitics 615 4$aMensch 615 4$aInternational Relations 615 4$aGlobalisierung 615 4$aPolitical Science 615 4$aPolitik 615 4$aInternationale Politik 615 4$aPolitikwissenschaft 676 $a320.54 686 $aMD 4700$2rvk 700 $aChristophersen$b Claas$p

Claas Christophersen, Universität Hamburg, Deutschland

$4aut$01888213 801 0$bDE-B1597 801 1$bDE-B1597 906 $aBOOK 912 $a9910265134003321 996 $aKritik der transnationalen Gewalt$94526722 997 $aUNINA